000 00452nam a2200145Ia 4500
008 231129s2011||||xx |||||||||||||| ||spa||
020 _a978-958-44-9354-5
040 _bspa
082 _a658.4 B434c
100 _aBell Lemus Gustavo
245 0 _aEl cuento de generoso: La insuperable una empresa con historia 1919-2011
260 _c2011
264 _aBarranquilla Colombia : Generoso Mancini
942 _2ddc
_cBKS
999 _c10733
_d10733